LEADER 00980nam a2200241 i 4500 001 000000245750 003 CaOOAMICUS 005 20151014000000.0 008 151014s2007 it u000 u ita u 013 $a224655 020 $a978-88-215-6042-2 040 $aSeMil$bita 245 10$aOrdo missae :$brito della messa secondo il rito tridentino. 260 $aCinisello Balsamo :$bSan Paolo,$c2007. 300 $a95 p. ;$c18 cm. 500 $aTesto latino e italiano. 650 4$aLibri liturgici - Messale romano - Ordo Missae.$0(OLS)http://semarc/subject/59271 850 $aSeMil 852 $aSeMil$W1$xVenegono$y1$m5D X 23/71$j196096$B196096$CSeMilBibl$Z2$F207720 $81 961 $aLascito: Milani don Felice 996 $6020$a978-88-215-6042-2$9(OLS)http://semarc/number/254418 996 $6245$aOrdo missae :$brito della messa secondo il rito tridentino$9(OLS)http://semarc/title/347415 996 $6260$aCinisello Balsamo :$bSan Paolo$9(OLS)http://semarc/publisher/30129 LEADER 00780nam a2200205 i 4500 001 000000255243 003 CaOOAMICUS 005 20170830000000.0 008 170830n it u000 u ita u 013 $a234148 040 $aSeMil$bita 245 10$aCavalleria rusticana ; Pagliacci. 300 $a129 p. :$bill. + 1 locandina. 500 $aPrima rappresentazione : 27 gennaio 1981. 650 4$aMilano - Museo Teatrale alla Scala - Cataloghi.$0(OLS)http://semarc/subject/20018 773 0 $tStagione 1980-81.$dMilano : Edizioni del Teatro alla Scala $w()33779 850 $aSeMil 852 $aSeMil$W1$xVenegono$y1$m3Q IV 81$j205589$B205589$CSeMilBibl$Z2$F219177 $81 961 $aOmaggio: Altro 996 $6245$aCavalleria rusticana ; Pagliacci$9(OLS)http://semarc/title/411545